<?xml version="1.0" encoding="UTF-8"?>
<record
    xmlns:xsi="http://www.w3.org/2001/XMLSchema-instance"
    xsi:schemaLocation="http://www.loc.gov/MARC21/slim http://www.loc.gov/standards/marcxml/schema/MARC21slim.xsd"
    xmlns="http://www.loc.gov/MARC21/slim">

  <leader>00768nam a2200229 i 4500</leader>
  <controlfield tag="001">186587</controlfield>
  <controlfield tag="003">SpMaBN</controlfield>
  <controlfield tag="005">20251014000331.0</controlfield>
  <controlfield tag="008">161202s1965    sp           |||| |dcat d</controlfield>
  <datafield tag="080" ind1=" " ind2=" ">
    <subfield code="a">929 Salv&#xE1; y Campillo, Francisco</subfield>
  </datafield>
  <datafield tag="080" ind1=" " ind2=" ">
    <subfield code="a">621.394(091)</subfield>
  </datafield>
  <datafield tag="100" ind1="1" ind2=" ">
    <subfield code="a">Igl&#xE9;sies, Josep.</subfield>
    <subfield code="9">65146</subfield>
  </datafield>
  <datafield tag="245" ind1="1" ind2="3">
    <subfield code="a">La contribuci&#xF3; catalana al tel&#xE9;graf el&#xE8;ctric </subfield>
    <subfield code="b">: (Francesc Salv&#xE0; i Campillo) 1751-1828.</subfield>
  </datafield>
  <datafield tag="260" ind1=" " ind2=" ">
    <subfield code="a">Barcelona : </subfield>
    <subfield code="b">Rafael Dalmau, </subfield>
    <subfield code="c">[1965]</subfield>
  </datafield>
  <datafield tag="300" ind1=" " ind2=" ">
    <subfield code="a">60 p. ; </subfield>
    <subfield code="c">17 cm.</subfield>
  </datafield>
  <datafield tag="490" ind1="1" ind2=" ">
    <subfield code="a">Episodis de la hist&#xF2;ria ; </subfield>
    <subfield code="v">67</subfield>
  </datafield>
  <datafield tag="600" ind1="1" ind2="7">
    <subfield code="a">Salv&#xE1;, Francisco, </subfield>
    <subfield code="d">1751-1828</subfield>
    <subfield code="2"></subfield>
    <subfield code="9">132347</subfield>
  </datafield>
  <datafield tag="650" ind1=" " ind2="7">
    <subfield code="a">Tel&#xE9;grafo-</subfield>
    <subfield code="z">Espa&#xF1;a.</subfield>
    <subfield code="9">149358</subfield>
  </datafield>
  <datafield tag="830" ind1="0" ind2=" ">
    <subfield code="a">Episodis de la hist&#xF2;ria ; </subfield>
    <subfield code="v">67</subfield>
    <subfield code="9">225433</subfield>
  </datafield>
  <datafield tag="852" ind1=" " ind2=" ">
    <subfield code="a">ES-MaACL</subfield>
    <subfield code="j">2333-F-37</subfield>
  </datafield>
  <datafield tag="999" ind1=" " ind2=" ">
    <subfield code="c">186587</subfield>
    <subfield code="d">186587</subfield>
  </datafield>
  <datafield tag="952" ind1=" " ind2=" ">
    <subfield code="0">0</subfield>
    <subfield code="1">0</subfield>
    <subfield code="4">0</subfield>
    <subfield code="7">0</subfield>
    <subfield code="8">Colecci&#xF3;n_de_folletos</subfield>
    <subfield code="a">ATENEOM</subfield>
    <subfield code="b">ATENEOM</subfield>
    <subfield code="c">DEPOF</subfield>
    <subfield code="d">2016-12-02</subfield>
    <subfield code="e">DON</subfield>
    <subfield code="l">0</subfield>
    <subfield code="o">2333-F-37</subfield>
    <subfield code="p">1196766</subfield>
    <subfield code="r">2023-02-23 00:00:00</subfield>
    <subfield code="w">2023-02-23</subfield>
    <subfield code="y">FOLLETOS</subfield>
  </datafield>
</record>
